| 000 | 01038nam a22003017a 4500 | ||
|---|---|---|---|
| 003 | CHAP | ||
| 005 | 20220329133707.0 | ||
| 008 | 971013s1994 r 00010 d | ||
| 010 | _a9588 | ||
| 011 | _a10560 | ||
| 035 | _a9797 | ||
| 040 | _cCHAP | ||
| 082 |
_a633.2 _bN3 |
||
| 110 |
_aNational Research Council. Washington. Subcommittee on Swine Nutrition _980375 |
||
| 245 |
_aRangeland health _b: new methods to classify, inventory, and monitor rangelands |
||
| 260 |
_aWashington, D.C. : _bNational Academy Press, _c1994 |
||
| 300 |
_a180 p. _b: ilus |
||
| 590 |
_aBATCH-UPD _b10 _c20130109 _lUCH01 _h2343 |
||
| 590 |
_aBATCH-UPD _b10 _c20130110 _lUCH01 _h1856 |
||
| 590 |
_aBATCH-UPD _b10 _c20130409 _lUCH01 _h1913 |
||
| 590 |
_aBATCH-UPD _b10 _c20130914 _lUCH01 _h1902 |
||
| 590 |
_aCONVERSION _b10 _c20130109 _lUCH01 _h1306 |
||
| 650 | 1 | 4 |
_aPastizales _xEcologĂa. _985933 |
| 650 | 1 | 4 |
_aPastizales _xManejo. _985944 |
| 901 | _aBK | ||
| 942 | _cLIBRO | ||
| 949 |
_a633.2 N3 _bBC _cLIBRO _d33724000214060 _eLIBRO _gI.172573 _h86260 _i9797 _si _t107.00 |
||
| 999 |
_c9588 _d9588 |
||